Logo BPK

Biblioteka

Politechniki Koszalińskiej

Limit state of the plate elements of steel structures / (Rekord nr 28043)

Szczegóły MARC
000 -ETYKIETA REKORDU
podpole kontrolne o stałej długości 00630nam a2200217 i 4500
001 - NUMER KONTROLNY REKORDU
pole kontrolne bg
020 ## - MIĘDZYNARODOWY ZNORMALIZOWANY NUMER KSIĄŻKI - ISBN
ISBN 3764314788
040 ## - ŹRÓDŁO KATALOGOWANIA
Instytucja, która utworzyła rekord BPK
041 ## - KOD JĘZYKA
Kod języka tekstu pol
080 ## - UNIWERSALNA KLASYFIKACJA DZIESIĘTNA - UKD
UKD 624:539.3/.6
920 ## - Międzynarodowy znormalizowany numer książki – ISBN
ISBN 3-7643-1478-8
008 - POLE O STAŁEJ DŁUGOŚCI - DANE KONTROLNE
podpole kontrolne o stałej długości s pl f |000 0 pol
100 1# - NAZWA OSOBOWA
Nazwa osobowa DJUBEK, J.
245 #0 - TYTUŁ/ODPOWIEDZIALNOŚĆ
Tytuł Limit state of the plate elements of steel structures /
Pozostałe elementy strefy tytułu i oznaczenia odpowiedzialności J. Djubek, R. Kodnar, M. Skaloud.
260 ## - STREFA ADRESU WYDAWNICZEGO
Miejsce wydania Basel,
Data publikacji, dystrybucji/powstania dokumentu 1983.
490 1# - STREFA SERII I DOKUMENTU WIELOCZĘŚCIOWEGO - FORMA NIE DO WYSZUKIWANIA
Tytuł i oznaczenie odpowiedzialności serii Lehr- und Handbücher der Ingenieurwissenschaften ;
Numeracja w obrębie serii Bd.39
700 1# - HASŁO DODATKOWE - NAZWA OSOBOWA
Nazwa osobowa KODNAR, R.
700 1# - HASŁO DODATKOWE - NAZWA OSOBOWA
Nazwa osobowa SKALOUD, M.
830 ## - HASŁO DODATKOWE SERII LUB DOKUMENTU WIELOCZĘŚCIOWEGO - TYTUŁ UJEDNOLICONY
Tytuł ujednolicony Lehr- und Handbücher der Ingenieurwissenschaften ;
856 ## - LOKALIZACJA I DOSTĘP DO ELEKTRONICZNYCH DOKUMENTÓW ZDALNYCH
Link (URL) http://koha.tu.koszalin.pl/cgi-bin/koha/opac-detail.pl?biblionumber=28043
Tekst linku Katalog online BPK
942 ## - DODATKOWE ELEMENTY (KOHA)
Typ dokumentu Książka
Egzemplarze
Wycofany Status egzemplarza Uszkodzony Dostępność Lokalizacja stała Lokalizacja bieżąca Miejsce przechowywania Sygnatura Kod kreskowy Typ dokumentu
      Dostępny Biblioteka Politechniki Koszalińskiej Biblioteka Politechniki Koszalińskiej Wypożyczalnia BG 32342 01926330 Książka
© 2023 Biblioteka Politechniki Koszalińskiej :: KOHA